[Event "Düsseldorf 2- KKS 2"]
[Site "?"]
[Date "2023.03.12"]
[Round "6.8"]
[White "Heller, Harald"]
[Black "Graf, Peter"]
[Result "1-0"]
[WhiteElo "2047"]
[BlackElo "1877"]
[PlyCount "61"]
[SourceVersionDate "2023.06.22"]

1. d4 Nf6 2. Nf3 e6 3. e3 c5 4. Bd3 d5 5. b3 Nc6 6. Bb2 Bd7 7. a3 Be7 8. O-O
Qc7 9. Nbd2 O-O-O 10. Qe2 h6 11. c4 Be8 12. Rac1 Nd7 13. cxd5 exd5 14. dxc5 Bf6
15. Bxf6 Nxf6 16. b4 a6 17. Nb3 Bd7 18. Nbd4 Bg4 19. Qc2 Bxf3 20. Nxf3 g6 21.
Rfd1 Ng4 22. h3 Nge5 23. Be2 Rhe8 24. Qb3 Nxf3+ 25. Bxf3 d4 26. Bxc6 bxc6 27.
Rxd4 Rxd4 28. exd4 Qf4 29. Qc4 Kc7 30. Rd1 Ra8 31. Re1 1-0

[Event "Düsseldorf- Süd- Lasker Köln 2"]
[Site "?"]
[Date "2023.03.12"]
[Round "6.1"]
[White "Mandt, Mathias"]
[Black "Gula, Julian"]
[Result "0-1"]
[WhiteElo "2106"]
[BlackElo "2150"]
[PlyCount "118"]
[SourceVersionDate "2023.06.22"]

1. d4 d5 2. c4 e6 3. Nc3 a6 4. e3 Nf6 5. Nf3 Be7 6. Bd3 dxc4 7. Bxc4 b5 8. Bd3
Bb7 9. O-O c5 10. dxc5 Bxc5 11. Qe2 Nbd7 12. Rd1 Qb6 13. b3 Rc8 14. Bb2 O-O 15.
Rac1 Qa7 16. Bb1 Rfd8 17. h3 Qa8 18. Ne1 Be7 19. Rd2 Nc5 20. f3 e5 21. b4 Ne6
22. a3 Qa7 23. Kh2 Rxd2 24. Qxd2 Qb8 25. Ba2 Nc7 26. Ne2 Rd8 27. Qc2 Ncd5 28.
Qb3 e4+ 29. f4 Bc8 30. Bd4 Be6 31. Qb2 Nb6 32. Bxe6 fxe6 33. Bxb6 Qxb6 34. Nd4
Rd6 35. Qb3 Nd5 36. Nxe6 Qxe3 37. Qxe3 Nxe3 38. Nc5 Nf1+ 39. Kg1 Nd2 40. Kf2
Bf6 41. Nc2 Nc4 42. Nxe4 Rd3 43. Ke2 Rb3 44. Nc5 Rg3 45. Kf1 Rc3 46. Ke2 Nxa3
47. Kd1 Nc4 48. Ne1 Nb2+ 49. Kd2 Nc4+ 50. Kd1 Ra3 51. Ncd3 Bd4 52. Ke2 Ra2+ 53.
Rc2 Ra1 54. Nf3 Bb6 55. Nfe5 Rg1 56. Kf3 Rf1+ 57. Kg3 Rd1 58. Kh2 Be3 59. Ra2
Nxe5 0-1

[Event "Düsseldorf- Süd- Lasker Köln 2"]
[Site "?"]
[Date "2023.03.12"]
[Round "6.2"]
[White "Kontorovitch, Vladimir"]
[Black "Di Franco, Patricio"]
[Result "1/2-1/2"]
[WhiteElo "2095"]
[BlackElo "2050"]
[Annotator "daniel"]
[PlyCount "140"]
[SourceVersionDate "2023.06.22"]

1. e4 c5 2. Nc3 e6 3. Nge2 Nc6 4. g3 d5 5. exd5 exd5 6. Bg2 d4 7. Nd5 Nge7 8.
Nef4 Nxd5 9. Nxd5 Be6 10. Nf4 Bf5 11. O-O Be7 12. d3 O-O 13. Nd5 Bd6 14. Qf3
Qd7 15. Qd1 Rfe8 16. Bf4 Bxf4 17. Nxf4 Bg4 18. Bxc6 bxc6 19. f3 Bf5 20. Qd2 Re3
21. Ng2 Re6 22. Rae1 Rae8 23. Rxe6 Bxe6 24. Re1 Bd5 25. Kf2 h6 26. Rxe8+ Qxe8
$11 27. b3 g5 28. Qe2 Qxe2+ 29. Kxe2 g4 30. Nh4 h5 31. fxg4 hxg4 32. Nf5 Bf3+
33. Kd2 Kf8 34. Nd6 Ke7 35. Nb7 Ke6 36. Nxc5+ Kd5 37. Na6 Kd6 38. b4 Bd5 39. a3
f5 40. Nc5 Ke5 41. Ke1 f4 42. gxf4+ Kxf4 43. Kf2 Ba2 44. Ke2 Bb1 45. Nb3 Bxc2
46. Nxd4 Ba4 47. Ne6+ Ke5 48. Nc5 Bc2 49. Kd2 Bb1 50. Ke3 Ba2 51. Ne4 Be6 52.
d4+ Kd5 53. Nc5 Bc8 54. Kd3 Bf5+ 55. Ke3 Bc8 56. Nd3 Bf5 57. Ne5 Bc8 58. Kf4 a6
59. Nxg4 Kxd4 60. Ne5 c5 61. Nc6+ Kc4 62. Ne5+ Kd4 63. bxc5 Kxc5 64. h4 Be6 65.
h5 Kd6 66. h6 Bg8 67. Nf7+ Ke6 68. h7 Bxh7 69. Ng5+ Kd5 70. Nxh7 Kc4 1/2-1/2

[Event "Düsseldorf- Süd- Lasker Köln 2"]
[Site "?"]
[Date "2023.03.12"]
[Round "6.3"]
[White "Strohmeyer, Jochen"]
[Black "Tagsold, Christian"]
[Result "1/2-1/2"]
[WhiteElo "2163"]
[BlackElo "2119"]
[Annotator "daniel"]
[PlyCount "43"]
[SourceVersionDate "2023.06.22"]

1. e4 e6 2. d4 d5 3. e5 c5 4. c3 Qb6 5. Nf3 Bd7 6. Be2 Bb5 7. O-O Bxe2 8. Qxe2
cxd4 9. cxd4 Nc6 10. Nc3 Nge7 11. Na4 Qb4 12. b3 Nf5 13. Bb2 Qa5 14. Rfc1 Be7
15. a3 O-O 16. Nc5 Bxc5 17. dxc5 Qd8 18. b4 a6 $11 19. Rd1 Nfe7 20. Bc3 Ng6 21.
a4 Qc7 22. Qe1 1/2-1/2

[Event "Düsseldorf- Süd- Lasker Köln 2"]
[Site "?"]
[Date "2023.03.12"]
[Round "6.4"]
[White "Hoffmann, Andre"]
[Black "Diesner, Michael"]
[Result "1/2-1/2"]
[WhiteElo "1993"]
[BlackElo "2009"]
[PlyCount "38"]
[SourceVersionDate "2023.06.22"]

1. e4 c5 2. Nf3 d6 3. d4 Nf6 4. Bd3 cxd4 5. Nxd4 Nc6 6. Nb3 d5 7. exd5 Nxd5 8.
a3 e5 9. O-O Be7 10. Re1 O-O 11. c4 Nf6 12. Nc3 Be6 13. Bg5 Ng4 14. Bxe7 Qxe7
15. h3 Nf6 16. Nd5 Nxd5 17. cxd5 Bxd5 18. Bxh7+ Kxh7 19. Qxd5 Rad8 1/2-1/2

[Event "Düsseldorf- Süd- Lasker Köln 2"]
[Site "?"]
[Date "2023.03.12"]
[Round "6.5"]
[White "Rosenkraenzer, Torsten"]
[Black "Reinartz, Achim"]
[Result "1/2-1/2"]
[WhiteElo "2024"]
[BlackElo "1969"]
[PlyCount "44"]
[SourceVersionDate "2023.06.22"]

1. d4 d5 2. c4 dxc4 3. Nf3 Nf6 4. e3 e6 5. Bxc4 c5 6. O-O a6 7. b3 Nbd7 8. Ba3
b5 9. Bd3 Bb7 10. Nbd2 Be7 11. Rc1 Rc8 12. Bb2 Nd5 13. Bb1 cxd4 14. Bxd4 O-O
15. Ne4 N5f6 16. Nxf6+ Nxf6 17. Qe2 Qd5 18. Rfd1 Qh5 19. Bb2 Rxc1 20. Rxc1 Qd5
21. Rd1 Qc6 22. Rc1 Qd5 1/2-1/2

[Event "Düsseldorf- Süd- Lasker Köln 2"]
[Site "?"]
[Date "2023.03.12"]
[Round "6.6"]
[White "Jaeckel, Norbert"]
[Black "Senay, Baris"]
[Result "1/2-1/2"]
[WhiteElo "1880"]
[BlackElo "1986"]
[PlyCount "80"]
[SourceVersionDate "2023.06.22"]

1. Nf3 Nf6 2. g3 g6 3. b3 Bg7 4. Bb2 O-O 5. Bg2 d6 6. O-O e5 7. d3 Nc6 8. Nbd2
Bg4 9. h3 Bd7 10. c4 Qe7 11. a3 Rae8 12. Qc2 Nh5 13. e4 Bf6 14. b4 Ng7 15. b5
Nd4 16. Nxd4 exd4 17. f4 Qd8 18. Nf3 Nh5 19. Qf2 c5 20. bxc6 bxc6 21. Bxd4 Bxd4
22. Nxd4 Qb6 23. Ne2 Qa5 24. g4 Ng7 25. Ng3 Rb8 26. Qe1 Qa4 27. Qd1 Rb3 28. Ne2
c5 29. Qc2 Rfb8 30. Nc3 Qa5 31. Nb5 R3xb5 32. cxb5 Ne6 33. a4 Nd4 34. Qf2 Qc3
35. f5 g5 36. Rfd1 f6 37. Rac1 Qa3 38. Ra1 Qc3 39. Qd2 Qxd2 40. Rxd2 Nb3
1/2-1/2

[Event "Düsseldorf- Süd- Lasker Köln 2"]
[Site "?"]
[Date "2023.03.12"]
[Round "6.7"]
[White "Fohler, Claus"]
[Black "Huenemeyer, Dirk"]
[Result "1-0"]
[WhiteElo "2280"]
[BlackElo "1977"]
[Annotator "daniel"]
[PlyCount "115"]
[SourceVersionDate "2023.06.22"]

1. d4 Nf6 2. Nc3 d5 3. Bf4 e6 4. e3 Bb4 5. g4 Ne4 6. a3 Qh4 7. Qf3 Bxc3+ 8.
bxc3 e5 9. Bxe5 Bxg4 10. Qg2 Nd7 11. Bg3 Nxg3 12. hxg3 Qg5 13. Bd3 h6 14. Rh4
Be6 15. f4 Qf6 16. Nf3 Bf5 17. Nd2 Bxd3 18. cxd3 Qe7 $11 19. e4 c5 20. Qf2 Rc8
21. Kf1 O-O 22. e5 f6 23. Nf3 Qe6 24. Re1 Qa6 25. Qe2 cxd4 26. cxd4 fxe5 27.
fxe5 Rc3 28. e6 Nf6 29. Rf4 Rxd3 30. Ne5 Rxa3 31. Qxa6 Rxa6 32. Nd7 Rxe6 33.
Rxe6 Nxd7 34. Rxf8+ Kxf8 35. Rd6 Nf6 36. Rd8+ Ke7 37. Rb8 Ne4 38. Rxb7+ Kf6 39.
Kg2 Nc3 40. Rxa7 Nb5 41. Ra4 Kf5 42. Kf3 h5 43. Rb4 Nc3 44. Rb7 g5 45. Rf7+ Kg6
46. Rd7 Kf5 47. Rd6 g4+ 48. Ke3 Nd1+ 49. Ke2 Nc3+ 50. Kd3 Nd1 51. Rxd5+ Kg6 52.
Re5 Nb2+ 53. Kc3 Nd1+ 54. Kc2 Nf2 55. d5 Kf6 56. Re3 Nh1 57. d6 Nxg3 58. d7 1-0

[Event "Düsseldorf- Süd- Lasker Köln 2"]
[Site "?"]
[Date "2023.03.12"]
[Round "6.8"]
[White "Hamm, Norbert"]
[Black "Mews, Bernhard"]
[Result "1-0"]
[WhiteElo "1933"]
[BlackElo "1952"]
[PlyCount "113"]
[SourceVersionDate "2023.06.22"]

1. d4 Nf6 2. c4 e6 3. g3 c5 4. d5 exd5 5. cxd5 d6 6. Nc3 g6 7. Bg2 Bg7 8. Nf3
O-O 9. O-O a6 10. a4 Re8 11. Nd2 Nbd7 12. h3 Rb8 13. Nc4 Ne5 14. Na3 Nh5 15.
Kh2 f5 16. f4 Nf7 17. Nc4 Nf6 18. a5 h5 19. Qd3 Qe7 20. Bd2 Ne4 21. Nxe4 fxe4
22. Qc2 Nh6 23. Ne3 Bd4 24. Ra3 Bd7 25. Re1 Rbc8 26. Nd1 Nf5 27. e3 Bg7 28. Nf2
h4 29. Nxe4 hxg3+ 30. Nxg3 Qh4 31. Nxf5 gxf5 32. e4 Bd4 33. Rg3+ Kf7 34. e5
dxe5 35. fxe5 Bxe5 36. Rxe5 Rxe5 37. Bc3 Qf4 38. Bxe5 Qxe5 39. Qc3 Qxc3 40.
Rxc3 Kf6 41. Kg3 Ke5 42. Re3+ Kd4 43. Re7 Rd8 44. Kf4 Bc8 45. Rc7 Rg8 46. Bf3
Rh8 47. d6 Rd8 48. Bxb7 Bxb7 49. Rxb7 Rxd6 50. Rb6 Rd8 51. Rxa6 Rh8 52. Kxf5
Rxh3 53. Rb6 Kd5 54. a6 Rh1 55. Kf4 Kd4 56. Kf3 Kd3 57. Rb3+ 1-0

[Event "Euskirchen- Herzogenrath"]
[Site "?"]
[Date "2023.03.12"]
[Round "6.1"]
[White "Meirick, Ingo"]
[Black "Vandenbergen, Nicolas"]
[Result "0-1"]
[WhiteElo "2179"]
[BlackElo "2109"]
[PlyCount "82"]
[SourceVersionDate "2023.06.22"]

1. d4 d5 2. c4 Nc6 3. Nc3 dxc4 4. d5 Ne5 5. f4 Ng4 6. e4 e5 7. Nf3 Bc5 8. h3
Nf2 9. Qa4+ Bd7 10. Qxc4 Qe7 11. Rh2 a6 12. Qe2 f5 13. fxe5 fxe4 14. Nxe4 Nxe4
15. Qxe4 Nf6 16. Qc4 Bb5 17. Qb3 Bb4+ 18. Kf2 Ne4+ 19. Kg1 Bxf1 20. Kxf1 Rf8
21. a3 Qh4 22. Be3 Bd2 23. Qxb7 Ng3+ 24. Kf2 Bxe3+ 25. Kxe3 Qf4+ 26. Kd3 Qe4+
27. Kc3 Qe3+ 28. Kc2 Kf7 29. Rc1 Rab8 30. Qxc7+ Kg8 31. Kb1 Ne2 32. Rc2 Nf4 33.
Rh1 Qxa3 34. Qc4 Nd3 35. d6+ Kh8 36. Qa2 Qb4 37. Rd1 Qe4 38. Ng5 Qg6 39. Ka1
Nb4 40. Nf7+ Rxf7 41. Qc4 Nxc2+ 0-1

[Event "Euskirchen- Herzogenrath"]
[Site "?"]
[Date "2023.03.12"]
[Round "6.2"]
[White "Neubauer, Juergen"]
[Black "Schreyer, Oliver"]
[Result "0-1"]
[WhiteElo "2059"]
[BlackElo "2109"]
[PlyCount "104"]
[SourceVersionDate "2023.06.22"]

1. e4 d5 2. e5 c5 3. c3 Nc6 4. d4 cxd4 5. cxd4 Qb6 6. Bd3 Qxd4 7. Nf3 Qb6 8.
O-O Bg4 9. Bf4 e6 10. Nbd2 Nge7 11. Bg3 Ng6 12. Qa4 Qb4 13. Qc2 Be7 14. a3 Qc5
15. Qa4 Bxf3 16. Nxf3 O-O 17. h4 Rfc8 18. h5 Nf8 19. Rac1 Qb6 20. Bh4 Qd8 21.
Bxe7 Qxe7 22. h6 g6 23. Bb5 Qe8 24. Rc2 a6 25. Bxc6 Rxc6 26. Rxc6 Qxc6 27. Qf4
Nd7 28. Rc1 Qb6 29. Ng5 Rf8 30. Rc8 f5 31. Qc1 Nxe5 32. Rxf8+ Kxf8 33. Nxh7+
Ke7 34. Ng5 Ng4 35. Nh3 Kf7 36. Qc8 Nxh6 37. Qh8 Ng4 38. g3 e5 39. Ng5+ Ke7 40.
Qg7+ Kd8 41. Qg8+ Kc7 42. Nh3 Qc6 43. b3 d4 44. Ng5 Kb6 45. Qd8+ Ka7 46. a4
Qc1+ 47. Kg2 Qc2 48. Nh3 Qxb3 49. a5 Qb5 50. Ng5 d3 51. Nf7 Qc5 52. Kh3 Qxf2
0-1

[Event "Euskirchen- Herzogenrath"]
[Site "?"]
[Date "2023.03.12"]
[Round "6.3"]
[White "Horbach, Fabian"]
[Black "Herzwurm, Robert"]
[Result "0-1"]
[WhiteElo "1957"]
[BlackElo "1927"]
[PlyCount "54"]
[SourceVersionDate "2023.06.22"]

1. d4 Nf6 2. Nf3 g6 3. c4 Bg7 4. Nc3 O-O 5. e3 d6 6. Be2 e5 7. O-O Bf5 8. b4 c5
9. bxc5 dxc5 10. dxc5 Na6 11. c6 bxc6 12. Ba3 c5 13. Qa4 Qb6 14. Rad1 Nb4 15.
Bxb4 Qxb4 16. Qxb4 cxb4 17. Nd5 Nxd5 18. Rxd5 a5 19. Nd2 Be6 20. Rb5 Rfd8 21.
Nb3 e4 22. Nc5 Rd2 23. Nxe6 Rxe2 24. Nc5 Rxa2 25. Nxe4 Rc2 26. c5 a4 27. Rxb4
a3 0-1

[Event "Euskirchen- Herzogenrath"]
[Site "?"]
[Date "2023.03.12"]
[Round "6.4"]
[White "Scholzen, Wolfgang"]
[Black "Haverkamp, Klaus"]
[Result "1-0"]
[WhiteElo "2029"]
[BlackElo "1838"]
[PlyCount "115"]
[SourceVersionDate "2023.06.22"]

1. d4 d5 2. c4 e6 3. Nc3 c5 4. e3 Nf6 5. Nf3 Nc6 6. h3 Be7 7. cxd5 exd5 8. Bd3
O-O 9. O-O h6 10. a3 Be6 11. dxc5 Bxc5 12. b4 Bd6 13. Bb2 Rc8 14. Rc1 Qd7 15.
Nb5 Bb8 16. Nbd4 Bxh3 17. Nxc6 bxc6 18. gxh3 Qxh3 19. Ne5 Bxe5 20. Bxe5 Rfe8
21. Bg3 Rxe3 22. Bf5 Rxg3+ 23. fxg3 Qxg3+ 24. Kh1 Qh4+ 25. Kg2 Qg5+ 26. Kh2
Qh4+ 27. Bh3 Re8 28. Qf3 Re3 29. Qg2 h5 30. Rf3 Ng4+ 31. Kg1 Rxf3 32. Qxf3 Qg5
33. Re1 Ne3+ 34. Kh1 d4 35. Rg1 Qe5 36. Qg3 Qe4+ 37. Bg2 Qe6 38. Bf3 Qh6 39.
Qg5 Qxg5 40. Rxg5 g6 41. Ra5 Nc4 42. Rxa7 Ne5 43. Bd1 Kg7 44. a4 Nd3 45. b5
cxb5 46. axb5 Nf2+ 47. Kg1 Nxd1 48. b6 Ne3 49. b7 h4 50. b8=Q Nf5 51. Qe5+ Kh6
52. Rxf7 Kg5 53. Rxf5+ gxf5 54. Qxd4 h3 55. Kh2 f4 56. Kxh3 Kf5 57. Kh4 Kg6 58.
Qxf4 1-0

[Event "Euskirchen- Herzogenrath"]
[Site "?"]
[Date "2023.03.12"]
[Round "6.5"]
[White "Arns, Danny"]
[Black "Hack, Thomas"]
[Result "1-0"]
[WhiteElo "1857"]
[BlackElo "1991"]
[Annotator "daniel"]
[PlyCount "93"]
[SourceVersionDate "2023.06.22"]

1. e4 c5 2. Nc3 Nc6 3. f4 e6 4. Bb5 a6 5. Bxc6 bxc6 6. d3 d5 7. Nf3 Nf6 8. O-O
Be7 9. b3 O-O 10. Qe1 a5 11. a4 Ba6 12. e5 Ne8 13. g4 c4 14. bxc4 dxc4 15. d4
c5 16. Be3 cxd4 17. Bxd4 Bb7 18. Nb5 Qd5 19. Qe3 $11 Qc6 20. Na7 Qd7 21. Nb5
Bc6 22. Bc5 Bxc5 23. Qxc5 Bxb5 24. axb5 Rc8 25. Qb6 Nc7 26. Rxa5 Nd5 27. Qd4
Qb7 28. Qa7 Qxa7+ 29. Rxa7 Nxf4 30. Ng5 f6 31. Rxf4 fxg5 32. Rxf8+ Kxf8 33. b6
Rb8 34. b7 Ke7 35. Kf2 Kd7 36. Ke3 Kc7 37. Kd4 Rf8 38. Kc5 Rf4 39. b8=Q+ Kxb8
40. Rxg7 Rxg4 41. Rxh7 Rg2 42. c3 Rd2 43. Kb6 Kc8 44. h4 g4 45. Rg7 Re2 46. Kc6
Kd8 47. Kd6 1-0

[Event "Euskirchen- Herzogenrath"]
[Site "?"]
[Date "2023.03.12"]
[Round "6.6"]
[White "Reckers, Sebastian"]
[Black "Schmitt, Lars"]
[Result "1-0"]
[WhiteElo "1971"]
[BlackElo "1811"]
[PlyCount "75"]
[SourceVersionDate "2023.06.22"]

1. e4 e6 2. d4 d5 3. e5 c5 4. c3 Qb6 5. Nf3 Nc6 6. a3 cxd4 7. cxd4 Nh6 8. Nc3
Nf5 9. Na4 Qd8 10. b4 Bd7 11. Nc5 Bxc5 12. bxc5 f6 13. g4 Nh6 14. exf6 Qxf6 15.
g5 Qg6 16. gxh6 O-O 17. Be3 Qe4 18. Be2 e5 19. Rg1 g6 20. Ng5 Qh4 21. dxe5 Ne7
22. Nf3 Qe4 23. Rb1 Bc6 24. Rb4 Qf5 25. Rg5 Qf7 26. Nd4 Qe8 27. Bg4 Rb8 28. e6
Rf6 29. Qb1 Qf8 30. Nxc6 Nxc6 31. Rxb7 Rc8 32. Rg7+ Kh8 33. Qb7 d4 34. Rxh7+
Kg8 35. Rf7 Rxf7 36. Qxf7+ Qxf7 37. exf7+ Kxf7 38. Bxc8 1-0

[Event "Euskirchen- Herzogenrath"]
[Site "?"]
[Date "2023.03.12"]
[Round "6.8"]
[White "Alnafkhosh, Nashaat"]
[Black "Boxberg, Marc"]
[Result "1-0"]
[WhiteElo "1807"]
[BlackElo "1573"]
[PlyCount "67"]
[SourceVersionDate "2023.06.22"]

1. e4 e6 2. d4 d5 3. Nd2 a6 4. Ngf3 c5 5. Be2 Nc6 6. c3 Nf6 7. e5 Nd7 8. O-O
Qb6 9. Nb3 c4 10. Nbd2 Qc7 11. Re1 Be7 12. Nf1 f6 13. exf6 Nxf6 14. Ng5 O-O 15.
Bg4 Nxg4 16. Qxg4 Bxg5 17. Qxg5 Qf7 18. f3 Bd7 19. b3 b5 20. bxc4 bxc4 21. Rb1
Rab8 22. Ba3 Rxb1 23. Rxb1 Rb8 24. Rxb8+ Nxb8 25. Qd8+ Qe8 26. Qb6 Qc8 27. Ne3
Nc6 28. Bd6 Nd8 29. Ng4 Nf7 30. Ne5 Nxe5 31. Bxe5 Kf7 32. h4 h6 33. h5 Qc6 34.
Qb1 1-0

[Event "Borbeck- Münster 3"]
[Site "?"]
[Date "2023.03.12"]
[Round "6.1"]
[White "Korth, Daniel"]
[Black "Loyen, Egbert"]
[Result "1-0"]
[WhiteElo "2150"]
[BlackElo "2184"]
[Annotator "danie"]
[PlyCount "155"]
[SourceVersionDate "2023.06.22"]

1. d4 d5 2. c4 e6 3. Nf3 Nf6 4. g3 h6 5. Bg2 Bd6 6. O-O O-O 7. Nfd2 Nc6 8. e3
a5 9. Nc3 Be7 10. Qb3 Nb4 11. a3 dxc4 12. Nxc4 Nbd5 13. e4 Nxc3 14. Qxc3 c6 15.
Bf4 g5 16. Bd2 Bd7 17. Nxa5 Qc7 18. Nc4 Rfc8 19. Rac1 Be8 20. Ne3 Qd8 21. Rcd1
Nd7 22. Bc1 Bf6 23. e5 Be7 24. b4 Nb6 25. Qd3 Nd5 26. Kh1 Qd7 27. Bb2 Kg7 28.
Qe2 f5 29. exf6+ Bxf6 30. Nc4 Kh8 31. Rfe1 Qg7 32. Bh3 Bg6 33. Nd6 Rd8 34. Ne4
Re8 35. Nc5 h5 36. Bg2 Qh7 37. Be4 Bf5 38. Bxf5 exf5 39. Qxe8+ Rxe8 40. Rxe8+
Kg7 41. Rb8 Kh6 42. Rxb7 Qg6 43. Bc1 f4 44. gxf4 gxf4 45. Rd3 Qe8 46. Kg2 Bg5
47. Kf1 Qg6 48. Rd7 Qf5 49. Bd2 Ne3+ 50. Ke1 Bh4 51. Rxe3 fxe3 52. Bxe3+ Bg5
53. Rd6+ Kh7 54. Rxc6 Bxe3 55. fxe3 Qb1+ $11 56. Kd2 Qb2+ 57. Kd3 Qxa3+ 58. Kc4
Qc1+ 59. Kd5 Qxe3 60. b5 Qf3+ 61. Kd6 Qf4+ 62. Kd5 Qxh2 63. b6 Qg2+ 64. Kd6
Qg3+ 65. Kd7 Qg7+ 66. Kc8 Qh8+ 67. Kc7 h4 68. Ne6 h3 69. Ng5+ Kg7 70. Nxh3 Qxh3
71. d5 Kf8 72. b7 Qh7+ 73. Kc8 Qf5+ 74. Kc7 Qh7+ 75. Kb6 Qb1+ 76. Ka7 Qa1+ 77.
Kb8 Ke8 78. Kc8 1-0

[Event "Borbeck- Münster 3"]
[Site "?"]
[Date "2023.03.12"]
[Round "6.2"]
[White "Hillenbrand, Michael"]
[Black "Molinaroli, Martin"]
[Result "1-0"]
[WhiteElo "2174"]
[BlackElo "2079"]
[PlyCount "73"]
[SourceVersionDate "2023.06.22"]

1. c4 Nf6 2. Nf3 c6 3. b3 d5 4. Bb2 Bf5 5. d3 e6 6. g3 h6 7. Bg2 Be7 8. Nbd2
O-O 9. O-O a5 10. a3 Nbd7 11. Rc1 Bh7 12. Rc2 Re8 13. Qa1 Bd6 14. Ne5 Nxe5 15.
Bxe5 Qe7 16. Bxd6 Qxd6 17. Rfc1 h5 18. Nf3 e5 19. cxd5 Nxd5 20. Ng5 Bg6 21. Ne4
Qe7 22. h4 Red8 23. Rc5 f6 24. Qb2 Nc7 25. Nd2 Ne6 26. R5c3 Nd4 27. Nf3 Nb5 28.
Rc5 a4 29. bxa4 Nd6 30. Nd2 Bf7 31. a5 Nb5 32. Rxb5 cxb5 33. Qxb5 Qxa3 34. Rc5
Rdc8 35. Rxc8+ Rxc8 36. Nc4 Rc5 37. Nxa3 1-0

[Event "Borbeck- Münster 3"]
[Site "?"]
[Date "2023.03.12"]
[Round "6.3"]
[White "Baumann, Stephan"]
[Black "Korste, Sebastian"]
[Result "1/2-1/2"]
[WhiteElo "2056"]
[BlackElo "2002"]
[PlyCount "121"]
[SourceVersionDate "2023.06.22"]

1. e4 e6 2. b3 d5 3. Bb2 dxe4 4. Nc3 Nf6 5. Qe2 Be7 6. O-O-O c6 7. g4 Qa5 8.
Kb1 Na6 9. Bg2 Bd7 10. h4 O-O-O 11. g5 Nd5 12. Bxe4 h6 13. Bxd5 cxd5 14. Nf3
hxg5 15. hxg5 f6 16. Nh4 Ba3 17. d4 Nb4 18. Qe3 a6 19. Nf3 Rhf8 20. g6 Rfe8 21.
Qc1 Bxb2 22. Qxb2 Qc7 23. Rh4 Kb8 24. a3 Nc6 25. Na4 b6 26. c4 dxc4 27. bxc4
Ka7 28. Nc3 Na5 29. Rh7 Rg8 30. Ne4 Qf4 31. Nfd2 Rb8 32. Rc1 f5 33. Nf6 gxf6
34. Rxd7+ Rb7 35. Rxb7+ Nxb7 36. c5 Qc7 37. cxb6+ Qxb6 38. Qxb6+ Kxb6 39. Rg1
Nd6 40. Kb2 Kc6 41. Nb3 Kd5 42. Nc5 Ne4 43. Nxa6 Nxf2 44. Nc7+ Kd6 45. Nb5+ Kc6
46. a4 Ng4 47. Rc1+ Kb6 48. Kb3 Rxg6 49. Kb4 Rg7 50. a5+ Kb7 51. Nd6+ Ka7 52.
Kb5 Ne3 53. Nc8+ Kb8 54. Nb6 Rg8 55. Nd7+ Ka8 56. Nb6+ Kb8 57. Kc6 Nd5 58. Nxd5
Rc8+ 59. Kd6 Rxc1 60. Kxe6 Rd1 61. Kxf5 1/2-1/2

[Event "Borbeck- Münster 3"]
[Site "?"]
[Date "2023.03.12"]
[Round "6.4"]
[White "Dewenter, Ulf"]
[Black "Seegers, Hendrik"]
[Result "1/2-1/2"]
[WhiteElo "2104"]
[BlackElo "2115"]
[PlyCount "96"]
[SourceVersionDate "2023.06.22"]

1. d4 d5 2. c4 e6 3. Nc3 c6 4. e4 dxe4 5. Nxe4 Nd7 6. Nf3 Ngf6 7. Nc3 Be7 8.
Be2 O-O 9. O-O b6 10. Qc2 Qc7 11. Bg5 Bb7 12. Rad1 Rac8 13. Rfe1 Rfe8 14. Bd3
Nf8 15. a3 c5 16. d5 exd5 17. Bxf6 Bxf6 18. Rxe8 Rxe8 19. Nxd5 Bxd5 20. cxd5
Qd6 21. g3 g6 22. Kg2 Nd7 23. Bb5 Re7 24. Bxd7 Rxd7 25. Rd2 a6 26. a4 b5 27.
axb5 axb5 28. b3 Rc7 29. Qe4 Kg7 30. g4 h6 31. h4 Re7 32. Qd3 Qf4 33. g5 hxg5
34. hxg5 Bxg5 35. d6 Rd7 36. Nxg5 Qxg5+ 37. Kf1 Qe5 38. Rd1 b4 39. Qd5 Qh5 40.
Qxh5 gxh5 41. Rd5 Kf6 42. Rxc5 Rxd6 43. Ke2 Kg6 44. Rc4 Rb6 45. Kf3 Rb5 46. Kg3
Kg5 47. Rd4 f6 48. Rc4 Kg6 1/2-1/2

[Event "Borbeck- Münster 3"]
[Site "?"]
[Date "2023.03.12"]
[Round "6.5"]
[White "Kaufhold, Thomas"]
[Black "Klasmeier, Jens"]
[Result "0-1"]
[WhiteElo "2049"]
[BlackElo "2112"]
[PlyCount "50"]
[SourceVersionDate "2023.06.22"]

1. d4 Nf6 2. c4 e5 3. dxe5 Ng4 4. Bf4 Nc6 5. Nf3 Bb4+ 6. Nbd2 Qe7 7. a3 Ngxe5
8. Nxe5 Nxe5 9. e3 Bxd2+ 10. Qxd2 d6 11. Qc3 f6 12. Rc1 O-O 13. Be2 b6 14. O-O
Bb7 15. b4 Nd7 16. Bd1 a5 17. c5 dxc5 18. bxa5 Rxa5 19. Bxc7 Rfa8 20. a4 R5a7
21. Qb3+ Kh8 22. Bxb6 Rxa4 23. Qb5 Rb4 24. Bxc5 Qe4 25. f3 Rxb5 0-1

[Event "Borbeck- Münster 3"]
[Site "?"]
[Date "2023.03.12"]
[Round "6.7"]
[White "Meyer, Ulrich"]
[Black "Klasmeier, Hartmut"]
[Result "0-1"]
[WhiteElo "1851"]
[BlackElo "2009"]
[PlyCount "124"]
[SourceVersionDate "2023.06.22"]

1. d4 d6 2. Nf3 Nf6 3. Bg5 e6 4. e3 Be7 5. Nbd2 Nbd7 6. c3 a6 7. Qc2 b5 8. a4
bxa4 9. Rxa4 Bb7 10. b4 c5 11. Be2 O-O 12. O-O Nb6 13. Bxf6 Bxf6 14. Ra3 Qc7
15. bxc5 dxc5 16. Rb1 Nd7 17. Qa2 cxd4 18. exd4 Be7 19. Rab3 Rfb8 20. c4 a5 21.
c5 a4 22. Rb4 Bc6 23. Bb5 Bxb5 24. Rxb5 Rxb5 25. Rxb5 Qc6 26. Rb4 g6 27. Qa3
Bd8 28. Nc4 Qe4 29. Ne3 Qc6 30. Rc4 Be7 31. Rc1 Qb5 32. Qc3 Nf6 33. Nd2 Qc6 34.
Ndc4 Nd7 35. Na3 Bf6 36. Qd3 Rb8 37. Rb1 Rb3 38. Rxb3 axb3 39. Nac4 Qb5 40. Nd1
Nb8 41. Ndb2 Nc6 42. Qf3 Kg7 43. d5 Nd4 44. Qe4 exd5 45. Qxd5 Ne6 46. g3 Qxc5
47. Qxc5 Nxc5 48. Kf1 Bd4 49. f3 Kf6 50. Ke2 Ke6 51. Kd2 h5 52. Nd3 Nxd3 53.
Kxd3 Kd5 54. Nd2 b2 55. Kc2 g5 56. Ne4 f6 57. Nd2 f5 58. Kb1 Bc3 59. Nf1 Kd4
60. Kc2 b1=Q+ 61. Kxb1 Kd3 62. h3 Ke2 0-1

[Event "Wattenscheid 2- Kleve"]
[Site "?"]
[Date "2023.03.12"]
[Round "6.1"]
[White "Shakhverdian, William"]
[Black "Schroeder, Wilfried"]
[Result "1/2-1/2"]
[WhiteElo "2143"]
[BlackElo "2190"]
[PlyCount "72"]
[SourceVersionDate "2023.06.22"]

1. e4 c6 2. d4 d5 3. exd5 cxd5 4. Bd3 Nc6 5. c3 Qc7 6. Ne2 Bg4 7. O-O e6 8. Qe1
Bd6 9. f3 Bh5 10. Qh4 Bg6 11. Bxg6 fxg6 12. Nf4 Kf7 13. Re1 Re8 14. Nd3 Nf6 15.
f4 Rhf8 16. Nd2 Kg8 17. Nf3 Ne4 18. Ng5 Nxg5 19. Qxg5 Qf7 20. Bd2 Qf5 21. Qxf5
gxf5 22. Re2 Kf7 23. a4 Na5 24. Rae1 Re7 25. Rb1 Nb3 26. g3 Rc8 27. Nc1 Nxc1
28. Rxc1 Rc6 29. Ra1 Rb6 30. Ra2 Rc7 31. Kf2 Rc4 32. Ke3 Be7 33. Kd3 Bf6 34.
Be3 Rc7 35. Kc2 Rbc6 36. Kd3 Rc4 1/2-1/2

[Event "Wattenscheid 2- Kleve"]
[Site "?"]
[Date "2023.03.12"]
[Round "6.2"]
[White "Peter, Thomas"]
[Black "Verfuerth, Kevin"]
[Result "1/2-1/2"]
[WhiteElo "2210"]
[BlackElo "2014"]
[PlyCount "119"]
[SourceVersionDate "2023.06.22"]

1. e4 c5 2. Nf3 Nc6 3. Bb5 g6 4. O-O Bg7 5. Re1 e5 6. Nc3 Nge7 7. d3 h6 8. Be3
d6 9. Nd5 O-O 10. Bxc6 bxc6 11. Nxe7+ Qxe7 12. Qd2 Kh7 13. h3 f5 14. exf5 Bxf5
15. Nh2 Qb7 16. a4 Rab8 17. Rab1 Qb4 18. g4 Be6 19. b3 Rb7 20. Nf1 h5 21. c3
Qa5 22. gxh5 Qd8 23. Bg5 Bf6 24. hxg6+ Kxg6 25. Bxf6 Qxf6 26. Re3 Rg7 27. Qc2
Kf7+ 28. Rg3 Rh8 29. b4 Rxh3 30. Rxg7+ Qxg7+ 31. Ng3 Bd5 32. Kf1 Qh7 33. Ke1 c4
34. Kd2 Rh2 35. Rf1 cxd3 36. Qxd3 Qxd3+ 37. Kxd3 Ke6 38. c4 Bg2 39. Rg1 d5 40.
c5 Be4+ 41. Nxe4 dxe4+ 42. Ke3 Rh3+ 43. Rg3 Rh6 44. Rg4 Kd5 45. Rxe4 a5 46.
bxa5 Rh7 47. Rb4 Ra7 48. Rb2 Rxa5 49. Rd2+ Kxc5 50. Ke4 Kb4 51. Rc2 c5 52. Kxe5
Kb3 53. Rc1 c4+ 54. Kd4 Rf5 55. a5 Rxf2 56. Rb1+ Kc2 57. Rb7 c3 58. a6 Rf4+ 59.
Kc5 Ra4 60. Kb5 1/2-1/2

[Event "Wattenscheid 2- Kleve"]
[Site "?"]
[Date "2023.03.12"]
[Round "6.3"]
[White "Wiegersma, Justus"]
[Black "Schlehoefer, Ralf"]
[Result "1-0"]
[WhiteElo "1971"]
[BlackElo "2189"]
[PlyCount "79"]
[SourceVersionDate "2023.06.22"]

1. c4 Nf6 2. g3 c6 3. Nf3 d5 4. Bg2 e6 5. O-O Be7 6. b3 a5 7. Nc3 b6 8. d4 Bb7
9. Bb2 O-O 10. Rc1 Nbd7 11. e3 Qb8 12. Qe2 Ba6 13. e4 Bb4 14. e5 Ne8 15. Qd3 b5
16. Ng5 g6 17. g4 Be7 18. f4 Qd8 19. cxb5 cxb5 20. Nxd5 exd5 21. Bxd5 Nb6 22.
Bxf7+ Rxf7 23. Nxf7 Qd5 24. Nh6+ Kh8 25. Qf3 b4 26. Qxd5 Nxd5 27. Rf2 Kg7 28.
g5 Nxf4 29. Rxf4 Bxg5 30. Rf7+ Kxh6 31. Rc6 Ng7 32. Rcc7 Be3+ 33. Kg2 Ne6 34.
Rxh7+ Kg5 35. Rcf7 Be2 36. Kg3 Bf4+ 37. Rxf4 Nxf4 38. h4+ Kf5 39. Rf7+ Ke6 40.
Rxf4 1-0